000
00333nam a22001457a 4500
008
250417b ||||| |||| 00| 0 eng d
020
_a
9780007558124
041
_a
eng
080
_2
1906
_a
82LON
082
_2
82LON
_a
82LON
100
_a
01
101
_a
GJUHE DHE LETERSI
245
_a
WHITE FANG
_c
JACK LONDON
942
_2
udc
_c
BK
999
_c
60649
_d
60649